[Event "Neuquen Patagonia op 3rd"]
[Site "Neuquen"]
[Date "2017.11.19"]
[Round "2"]
[White "Fernandez, Ivan"]
[Black "Rodriguez Vila, Andres"]
[Result "0-1"]
[WhiteElo "1931"]
[BlackElo "2458"]
[PlyCount "48"]
[EventDate "2017.11.18"]
[EventType "swiss"]
[EventRounds "9"]
[EventCountry "ARG"]
[SourceTitle "CBM 181 Extra"]
[Source "ChessBase"]
[SourceDate "2017.12.12"]
[SourceVersion "1"]
[SourceVersionDate "2017.12.12"]
[SourceQuality "1"]

1. d4 e6 2. e4 d5 3. exd5 exd5 4. Nf3 Bd6 5. Be2 Ne7 6. 0-0 c6 7. Bg5 f6 8. Bh4 Nf5 9. Re1 0-0 10. Nbd2 Qb6 11. Nb3 a5 12. a4 Qc7 13. Bg3 Nxg3 14. hxg3 g6 15. Qd2 b6 16. Nh2 f5 17. Bd3 Nd7 18. Qg5 Nf6 19. Nd2 Ne4 20. Bxe4 fxe4 21. Ndf1 Qg7 22. Rad1 Be6 23. Ng4 Be7 24. Nh6+ Kh8 0-1